2021 ICC Men's T20 World Cup Quiz - Statistics

General Stats
  • This quiz has been taken 341 times
  • The average score is 14 of 16
Answer Stats
Hint Answer % Correct
Group 2 India
100%
Group 1 Australia
98%
Group 2 New Zealand
98%
Group 2 Pakistan
98%
Group 1 England
97%
Group 1 South Africa
94%
Group A Sri Lanka
94%
Group 2 Afghanistan
93%
Group B Bangladesh
93%
Group 1 West Indies
92%
Group A Ireland
86%
Group B Scotland
82%
Group A Netherlands
79%
Group A Namibia
73%
Group B Oman
59%
Group B Papua New Guinea
49%
No matching quizzes found
Score Distribution
Percent of People with Each Score
Percentile by Number Answered
Your Score History
You have not taken this quiz